000 00263nam a22001217a 4500
020 _a2871050058
040 _cDLC
082 _a 635 DUP 1987 C289 Or.1
100 _a Dupriez, Hugues
245 _aJardins et vergers d'Afrique
260 _c1987
942 _cAEDBB
999 _c22413
_d22413